在空白地图上画出浙江所有县级行政区Counties in Zhejiang with an empty map - Statistics

General Stats
  • This quiz has been taken 173 times
  • The average score is 75 of 90
Answers on the Map
Answers color-coded by a green-red scale on the quiz's map according to % correct below.
 
Answer Stats
地级 县级 % Correct
杭州市 西湖区
97%
杭州市 萧山区
96%
杭州市 余杭区
96%
嘉兴市 海宁市
95%
金华市 义乌市
95%
杭州市 上城区
93%
杭州市 建德市
93%
绍兴市 诸暨市
93%
杭州市 桐庐县
92%
宁波市 慈溪市
92%
杭州市 拱墅区
91%
宁波市 奉化区
91%
嘉兴市 桐乡市
91%
杭州市 滨江区
90%
杭州市 淳安县
90%
宁波市 镇海区
90%
宁波市 鄞州区
90%
宁波市 象山县
90%
嘉兴市 嘉善县
90%
湖州市 南浔区
90%
绍兴市 上虞区
90%
金华市 东阳市
90%
舟山市 普陀区
90%
杭州市 富阳区
89%
绍兴市 柯桥区
89%
台州市 临海市
89%
杭州市 临平区
88%
杭州市 钱塘区
88%
宁波市 余姚市
88%
温州市 苍南县
88%
嘉兴市 海盐县
88%
嘉兴市 平湖市
88%
湖州市 安吉县
88%
杭州市 临安区
87%
宁波市 宁海县
87%
绍兴市 嵊州市
87%
舟山市 嵊泗县
87%
温州市 龙港市
86%
绍兴市 越城区
86%
台州市 温岭市
86%
宁波市 北仑区
85%
温州市 乐清市
85%
嘉兴市 南湖区
85%
湖州市 吴兴区
85%
湖州市 德清县
85%
台州市 天台县
85%
宁波市 江北区
84%
温州市 鹿城区
84%
金华市 兰溪市
84%
金华市 永康市
84%
台州市 玉环市
84%
温州市 瑞安市
82%
嘉兴市 秀洲区
82%
衢州市 江山市
82%
宁波市 海曙区
81%
温州市 瓯海区
81%
湖州市 长兴县
81%
舟山市 岱山县
81%
舟山市 定海区
80%
台州市 椒江区
80%
台州市 仙居县
80%
丽水市 景宁畲族自治县
79%
温州市 平阳县
78%
金华市 婺城区
78%
丽水市 青田县
78%
温州市 永嘉县
77%
绍兴市 新昌县
77%
金华市 金东区
77%
衢州市 柯城区
77%
衢州市 衢江区
77%
衢州市 开化县
76%
衢州市 龙游县
76%
台州市 黄岩区
76%
台州市 三门县
76%
丽水市 莲都区
76%
丽水市 缙云县
76%
台州市 路桥区
75%
丽水市 龙泉市
75%
温州市 洞头区
74%
金华市 武义县
73%
金华市 浦江县
73%
衢州市 常山县
72%
丽水市 松阳县
72%
丽水市 云和县
72%
温州市 文成县
71%
金华市 磐安县
71%
温州市 龙湾区
70%
丽水市 遂昌县
68%
温州市 泰顺县
67%
丽水市 庆元县
62%
No matching quizzes found
Score Distribution
Percent of People with Each Score
Percentile by Number Answered
Your Score History
You have not taken this quiz